The Smugglers and Foreign Exchange Manipulators(Forfeiture of Property) Act, 1976 : (Record no. 1410176)

MARC details
000 -LEADER
fixed length control field 01163nam a2200289 a 4500
001 - CONTROL NUMBER
control field vtls001988395
003 - CONTROL NUMBER IDENTIFIER
control field NLI
005 - DATE AND TIME OF LATEST TRANSACTION
control field 20210630141053.0
008 - FIXED-LENGTH DATA ELEMENTS--GENERAL INFORMATION
fixed length control field 180328s2013 g s000 0 eng d
039 #9 - LEVEL OF BIBLIOGRAPHIC CONTROL AND CODING DETAIL [OBSOLETE]
-- 201803281142
-- dipanjanm
082 04 - DEWEY DECIMAL CLASSIFICATION NUMBER
Classification number 345.0233(54)
Edition number 22
110 1# - MAIN ENTRY--CORPORATE NAME
Corporate name or jurisdiction name as entry element India.
Subordinate unit Ministry of Law and Justice.
245 1# - TITLE STATEMENT
Title The Smugglers and Foreign Exchange Manipulators(Forfeiture of Property) Act, 1976 :
Remainder of title Act No. 13 of 1976,as on 1st September,2013 /
Statement of responsibility, etc. Ministry of Law and Justice,Government of India.
260 ## - PUBLICATION, DISTRIBUTION, ETC.
Place of publication, distribution, etc. Delhi :
Name of publisher, distributor, etc. Controller of Publications,
Date of publication, distribution, etc. 2013
300 ## - PHYSICAL DESCRIPTION
Extent [Double pagination]13p. ;
Dimensions 23cm.
500 ## - GENERAL NOTE
General note Printed in bothg languages: Hindi & English
650 #0 - SUBJECT ADDED ENTRY--TOPICAL TERM
Topical term or geographic name entry element Criminals
General subdivision law and Legislation
Geographic subdivision India
9 (RLIN) 1331454
650 #0 - SUBJECT ADDED ENTRY--TOPICAL TERM
Topical term or geographic name entry element Smugglers
General subdivision Law and Legislation
Geographic subdivision India
9 (RLIN) 1331455
650 #0 - SUBJECT ADDED ENTRY--TOPICAL TERM
Topical term or geographic name entry element Foreign exchange
Geographic subdivision India
9 (RLIN) 707816
887 ## - NON-MARC INFORMATION FIELD
Content of non-MARC field Dipanjan
902 ## - LOCAL DATA ELEMENT B, LDB (RLIN)
a GP 345.0233(54) In2(2013)
904 ## - LOCAL DATA ELEMENT D, LDD (RLIN)
a Dipanjan
949 ## - LOCAL PROCESSING INFORMATION (OCLC)
-- VIRTUAITEM
-- 10003
-- 202
6 IOD000155223ENG
9 2013
e IOD155223
942 ## - ADDED ENTRY ELEMENTS (KOHA)
Source of classification or shelving scheme Dewey Decimal Classification
Koha item type Books
Holdings
Withdrawn status Lost status Damaged status Not for loan Collection code Home library Current library Shelving location Date acquired Total Checkouts Full call number Date last seen Price effective from Koha item type
        Government Publications National Library of India National Library of India Annexe Reading Room & Stack Division     GP 345.0233(54) In2(2013) 30/06/2021 30/06/2021 Books
                                                                           
web counter

Copyright ©2020 The National Library of India, Govt. of India ↔ Hosted by NVLI, MOC ↔ Technology and Design by National Library of India, Ministry of Culture, Govt. of India